Indukcia toxicity voľnými radikálmi a ich prevencia antioxidantami : Obh. 26.5.1998 /

Guardado en:
Detalles Bibliográficos
Autor principal: Mosnáčková, Jana (Autor)
Formato: Manuscrito Libro
Lenguaje:eslovaco
Publicado: Bratislava : STU v Bratislave ChtF, 1998
Etiquetas: Agregar Etiqueta
Sin Etiquetas, Sea el primero en etiquetar este registro!

MARC

LEADER 00000ntm a22000003a 4500
001 stu33799
005 20150617225734.2
008 980911s1998----xo------------------slo-d
040 |a STU  |b slo 
041 0 |a slo 
044 |a xo 
100 1 |a Mosnáčková, Jana  |4 aut 
245 1 |a Indukcia toxicity voľnými radikálmi a ich prevencia antioxidantami :  |b Obh. 26.5.1998 /  |c [aut.]Mosnáčková,Jana 
260 |a Bratislava :  |b STU v Bratislave ChtF,  |c 1998 
300 |a 88 s :  |b Tab.,grafy,lit 
500 |a Zameranie: Biochémia a mikrobiológia 
996 |b CD12553  |c C*D12553  |l CCI  |s A  |a 24  |w stu33799_0001